| 000 | 01116nam a2200253Ia 4500 | ||
|---|---|---|---|
| 001 | 220.66-PAS bi gi (15028) | ||
| 003 | IT-MiSPE | ||
| 008 | 171229s9999||||xx |||||||||||||| ||und|| | ||
| 040 |
_aIT-MiSPE _cIT-MiSPE |
||
| 041 | _aITALIANO | ||
| 100 | _aGiacomo Perego | ||
| 245 | 0 |
_aPassword: Bibbia giovane _bNT: I. Vangeli e atti degli Apostoli |
|
| 250 | _a1a ed. (v) | ||
| 260 |
_aCinisello B.mo _bSan Paolo _c2003 |
||
| 300 |
_a416 p. _c20 cm |
||
| 501 | _aEdizioni San Paolo srl - Piazza Soncino, 5 - 20092 CINISELLO BALSAMO (MI) (non commercial uses only) ® Copyright 2018 | ||
| 520 | _aAltri autori: Tosca Ferrante. Ill., cart. geo. | ||
| 650 | _aBIBBIA | ||
| 700 | _aAnna Maria Pudelko | ||
| 700 | _aEustacchio Imperato | ||
| 942 | _cBK | ||
| 957 | _71 | ||
| 999 |
_a1404 _bNO _g Copie: 1 _c337979 _d337979 |
||